01013cam a2200277 a 4500001000800000005001700008008004100025020003100066035002100097035002400118035002300142035001700165040001700182041001800199043001200217082001600229110004000245245013800285260002800423300004400451546004300495650004400538650004800582710004000630856006500670930965020220326193308.0120210s2011 it a c 000 0deng d a9788857212111 :c50.00 EUR a(OCoLC)781902863 a(OCoLC)ocn781902863 a(ItFiC)it 1143094X a(NNC)9309650 aItFiCcItFiC0 aengaitaarus ae-ur--- a708bST796I aSkira, Luciano Bennetton Collection00aLooking Eastward :bcontemporary artists from Russia, Ukraine, Moldavia, Armenia and Uzbekistan.cSkira, Luciano Bennetton Collection aMilano :bSkira,c2011. a504 p. :bill. (chiefly col.) ;c21 cm. aText in English, Italian, and Russian. 0aArtzFormer Soviet republicsvCatalogs. 0aArt, East Europeany21st centuryvCatalogs. aSkira, Luciano Bennetton Collection42uhttp://www.columbia.edu/cgi-bin/cul/resolve?clio93096503TOC